| 000 | 00707nam a2200217Ii 4500 | ||
|---|---|---|---|
| 001 | 3237 | ||
| 003 | CO-ViMGA | ||
| 008 | 241108s9999||||xx |||||||||||||| ||und|| | ||
| 020 | _a958920600X | ||
| 040 |
_aCO-ViMGA _bspa _erda _cCO-ViMGA |
||
| 041 | 0 | _aspa | |
| 082 | 0 | 4 | _a583.74 J5i |
| 100 | 1 | _aConvenio Andrés Bello | |
| 245 | 1 | 0 |
_aEl Inchi: _bCaryodendron orinocense Karsten [Euphorbiaceae]: La oleaginosa más promisoria de la Subregión Andina. Luis Carlos Jiménez |
| 264 | 1 | _aBogotá, Colombia : SECAB, 1992 | |
| 300 | _avolumen | ||
| 336 |
_atext _btxt _2rdacontent |
||
| 337 |
_aunmediated _bn _2rdamedia |
||
| 338 |
_avolume _bnc _2rdacarrier |
||
| 940 | _aidficha_siabuc: 3161. -- ficha_no_siabuc:3237 | ||
| 999 |
_c40363 _d40363 |
||